000
00234 a2200097 4500
001
57727
100
_a
245
_a
Mobile satellite communications handbook
260
_a
California
_b
Quantum Publishers
_c
1995
090
_c
35418
_d
35418
942
_a
NUST-CAE
_c
_c
28245
999
_c
292800
_d
292800